Paroles de Pour le pire - Orelsan - Statistiques

Statistiques générales
  • Ce quiz a été pris 826 fois
  • Le résultat moyen est 352 sur 500
Statistiques - réponses
Paroles % Correct
à
95%
de
95%
pas
94%
moi
93%
j'ai
92%
J'ai
92%
ma
92%
m'a
92%
par
92%
que
92%
ça
91%
Ca
91%
des
91%
dès
91%
Des
91%
le
91%
te
91%
tu
91%
Tu
91%
avec
90%
"je
90%
la
90%
qui
90%
sortir
90%
un
90%
Un
90%
bien
89%
bien"
89%
peu
89%
pour
89%
une
88%
les
87%
mais
87%
Mais
87%
ou
87%
pire
87%
plus
87%
c'est
86%
C'est
86%
en
86%
fille
85%
ni
85%
Si
85%
si
85%
ta
85%
veux
85%
dans
84%
depuis
84%
eu
84%
mois
84%
Parce
84%
parce
84%
rien
84%
tes
84%
t'es
84%
J'suis
83%
tous
83%
charmant
82%
faire
82%
me
82%
prince
82%
ton
82%
voudrait
82%
au
81%
fait
81%
n'importe
81%
chez
79%
copine
79%
facile
79%
jours
79%
naïve
79%
quoi
79%
sera
79%
homme
78%
m'attires
78%
part
78%
Physiquement
78%
qu'un
78%
tête
78%
fête
77%
mauvais
77%
p'tite
77%
ptite
77%
deux
76%
d'rapports
76%
jusqu'à
76%
qu'en
76%
quitte
76%
souvenirs
76%
t'offrir
76%
toujours
76%
trouvé
76%
vraiment
76%
dormir
75%
d'te
75%
l'intention
75%
est
74%
J'reflechis
74%
J'réfléchis
74%
mieux
74%
moins
74%
yeux
74%
autant
73%
branler
73%
jamais
73%
J'vais
73%
J'veux
73%
j'veux
73%
t'en
73%
veuilles
73%
attendant
72%
c'que
72%
l'faire
72%
lune
72%
qu'tu
72%
sois
72%
t'mentir
72%
d'avoir
71%
sais
71%
ptet
70%
J'irai
69%
Maintenant
69%
meilleur
69%
tenir
69%
toi
69%
décrocher
68%
j'taperais
68%
n'importe quoi
68%
tiser
68%
et
67%
Bon
66%
quand
66%
bonne
65%
J'recherche
65%
on
63%
On
63%
va
63%
elle
61%
choisis
59%
ex
59%
l'film
59%
Oublie
59%
dragué
58%
meilleure
58%
même
58%
mon
58%
anniversaire
57%
cinéma
57%
d'la
57%
j'dirai
57%
meuf
57%
boîte
56%
j'te
55%
rêves
55%
sans
55%
payes
54%
quelle
54%
cherches
53%
J'fais
53%
j'fais
53%
J'oublie
53%
j'rentre
53%
qu'c'est
53%
qu'on
53%
d'ado
52%
j'me
52%
l'cadeau
52%
l'tas
52%
raté
52%
comme
51%
égocentrique
51%
esquiver
51%
J'paye
51%
type
51%
pauvre
50%
romantique
50%
chienne
49%
cuisine
49%
fais
49%
grailler
49%
pute
49%
juste
48%
mes
48%
l'Mac Do
47%
l'ménage
47%
pédigree
47%
commence
46%
mange
46%
beau-gosse
45%
bouquet
45%
consentante
45%
dis
45%
j'rencontre
45%
t'aime"
45%
j'essaierai
44%
"j't'aime
44%
parents
44%
vérité
44%
vie
44%
encore
43%
mort
43%
destinée
42%
Parait
42%
rond-point
42%
d'fleurs
41%
est-ce
41%
finit
41%
fois
41%
son
41%
tiens
41%
j'répondrai
40%
kiffer
40%
prénom
40%
qu'j'suis
40%
rencontrer
40%
t'etais
40%
alors
39%
ange
39%
câlins
39%
d'l'attraper
39%
j'débarque
39%
quitterai
39%
sportif
39%
puce
38%
suis
38%
"bébé
37%
cramer
37%
j't'appellerai
37%
l'matin
37%
qu'j'trouve
37%
autre
36%
j'dors
36%
tromperai
36%
ensemble
35%
j'kiffe
35%
pourrait
35%
verras
35%
clichés
34%
couchera
34%
d'amour
34%
dire
34%
raconter
34%
batterie
33%
d'nom
33%
commences
32%
enceinte
32%
magie
32%
pharmacie
32%
avant
31%
princesse
31%
thérapie
31%
j'disparais
30%
j'penserai
30%
préviens
30%
problèmes
29%
crée
28%
grammes
28%
J'préfère
28%
liens
28%
rentrée
28%
l'sang
27%
potes
27%
j'rentrerai
26%
sens
26%
12
25%
l'aube
25%
J'aurai
24%
l'amour
24%
unique
24%
après
23%
public
23%
quelqu'un
23%
d'affection
22%
musique
22%
qu't'es
22%
changé
21%
J'donne
21%
passes
21%
temps
21%
crois
20%
d'adresse
20%
d'signe
20%
séries B
19%
D'temps
18%
confier
14%
Aucun quiz correspondant
Distribution des résultats
% des personnes avec chaque résultat
Percentile par nombre de réponses
Votre historique - résultats
Vous n’avez pas pris ce quiz